BIBLIOTECA

SENCICO

Projeto de Habitaçäo pré-fabricada em madeira (Registro nro. 1355)

Detalles MARC
000 -LEADER
fixed length control field 00582nam a2200229Ia 4500
005 - DATE AND TIME OF LATEST TRANSACTION
control field 20251020182508.0
008 - FIXED-LENGTH DATA ELEMENTS--GENERAL INFORMATION
fixed length control field 200515s9999 xx 000 0 und d
082 ## - DEWEY DECIMAL CLASSIFICATION NUMBER
Classification number 634.0.8(04)/Y93
100 ## - MAIN ENTRY--PERSONAL NAME
Personal name Yoshio Nakamura, Sergio
245 #0 - TITLE STATEMENT
Title Projeto de Habitaçäo pré-fabricada em madeira
260 ## - PUBLICATION, DISTRIBUTION, ETC.
Place of publication, distribution, etc. Acre
260 ## - PUBLICATION, DISTRIBUTION, ETC.
Name of publisher, distributor, etc. Fundçäo de Tecnologia do Estado do Acre
260 ## - PUBLICATION, DISTRIBUTION, ETC.
Date of publication, distribution, etc. 1988
300 ## - PHYSICAL DESCRIPTION
Extent p. irregular
300 ## - PHYSICAL DESCRIPTION
Other physical details il., tbl., graf.
500 ## - GENERAL NOTE
General note 1 ejemplar
650 ## - SUBJECT ADDED ENTRY--TOPICAL TERM
Topical term or geographic name entry element MADERA
650 ## - SUBJECT ADDED ENTRY--TOPICAL TERM
Topical term or geographic name entry element PREFABRICADOS
650 ## - SUBJECT ADDED ENTRY--TOPICAL TERM
Topical term or geographic name entry element VIVIENDAS
942 ## - ADDED ENTRY ELEMENTS (KOHA)
Koha item type Libros
Existencias
Fecha de la última vez que lo usaron Pago total Signatura topográfica completa Código de barras Precio efectivo desde Tipo de documento Estado perdido Estado dañado No es para préstamo Retirado Ubicación permanente Ubicación actual Fecha de adquisición
15/05/2020   634.0.8(04)/Y93 Bib-Lima15051355 15/05/2020 Libros         Biblioteca Central Lima Biblioteca Central Lima 15/05/2020